Xây dựng phần mềm hổ trợ tìm hiểu, rèn luyện kỹ năng nghiệp vụ công tác đoàn

Nghiên cứu các kỹ năng hoạt động đoàn như kỹ năng tổ chức hoạt động, kỹ năng trại, thủ công trại, mật thư, sinh hoạt đoàn, kỹ năng làm việc, học tập. Tìm hiểu vai trò của tài liệu Đoàn đối với hoạt động đoàn đội, từ đó thu thập tài liệu và phân loại để phục vụ người sử dụng. Xây dựng các công cụ hổ...

Full beskrivning

Sparad:
Bibliografiska uppgifter
Huvudupphovsman: Đỗ Phan Trường
Övriga upphovsmän: Đoàn Duy Bình (Hướng dẫn)
Materialtyp: Bok
Språk:Vietnamese
Publicerad: Đà Nẵng Đại học Sư phạm, Đại học Đà Nẵng 2013
Ämnen:
Taggar: Lägg till en tagg
Inga taggar, Lägg till första taggen!
Thư viện lưu trữ: Mạng thư viện Đại học Đà Nẵng
LEADER 02033nam a2200373 4500
001 000018401
003 14832
005 20131113151137.0
008 131029s2013 viesd
041 |a vie 
082 1 4 |a 005.3  |b ĐÔ-T 
100 1 |a Đỗ Phan Trường 
245 1 |a Xây dựng phần mềm hổ trợ tìm hiểu, rèn luyện kỹ năng nghiệp vụ công tác đoàn  |c Đỗ Phan Trường ; Đoàn Duy Bình hướng dẫn  |k Khóa luận tốt nghiệp 
260 |a Đà Nẵng  |b Đại học Sư phạm, Đại học Đà Nẵng  |c 2013 
300 |a 51 tr.  |b Hình mh.  |c 29 cm.  |e Bản tóm tắt 
500 |a Khóa luận tốt nghiệp đại học. Chuyên ngành: Sư phạm Tin 
504 |a Mục lục đầu trang, tài liệu tham khảo tr. 73 - 74, phụ lục [13 tr.] 
520 |a Nghiên cứu các kỹ năng hoạt động đoàn như kỹ năng tổ chức hoạt động, kỹ năng trại, thủ công trại, mật thư, sinh hoạt đoàn, kỹ năng làm việc, học tập. Tìm hiểu vai trò của tài liệu Đoàn đối với hoạt động đoàn đội, từ đó thu thập tài liệu và phân loại để phục vụ người sử dụng. Xây dựng các công cụ hổ trợ luyện tập các kỹ năng đoàn. 
600 1 4 |b Vua  |c Đinh Tiên Hoàng 
650 0 4 |a Phần mềm máy tính  |v Khóa luận tốt nghiệp  |x Công tác Đoàn 
653 |a Khoa Tin học 
653 |a Phần mềm máy tính 
653 |a Công tác Đoàn 
700 1 |a Đoàn Duy Bình  |e Hướng dẫn 
OWN |a LSP 
AVA |a UDN50  |b LSP  |d 005.3 ĐÔ-T  |e available  |t Error 5001 Not defined in file expand_doc_bib_avail.  |f 1  |g 0  |h N  |i 0  |k 1 
999 |a From the UDN01 
AVA |a UDN50  |b LSP  |d 005.3 ĐÔ-T  |e available  |t Error 5001 Not defined in file expand_doc_bib_avail.  |f 1  |g 0  |h N  |i 0  |k 1 
TYP |a Monograph 
TYP |a Printed language 
980 |a Mạng thư viện Đại học Đà Nẵng